000 01184cam a2200337 i 4500
001 29354
003 Mx-PuUPA
005 20251127102454.0
008 140415s1990 mx gr 001 0 spa d
020 _a9682316561
040 _cMx-PuUPA
_aMx-PuUPA
_bspa
_dMx-PuUPA
_erda
041 _aspa
043 _acl-----
245 1 0 _aCultura y política en América Latina /
_ccoordinado por Hugo Zemellman
250 _aPrimera edición
264 1 _aMexico D.F. :
_bUniversidad de las Naciones Unidas ;
_bSiglo Veintiuno Editores,
_c1990
300 _a378 páginas ;
_c23 cm
336 _2rdacontent
_atexto
_btxt
337 _2rdamedia
_asin medio
_bn
338 _2rdacarrier
_avolumen
_bnc
490 0 _aBiblioteca América Latina: actualidad y perspectivas
650 7 _2armarc
_aCiencias políticas
_zHispanoamérica
650 7 _2armarc
_aPolítica y cultura
_zAmérica Latina
650 7 _2armarc
_aCultura política
_zAmérica Latina
651 4 _aAmérica Latina
_xCivilización
700 1 _aZemelman, Hugo,
_ecoordinador
942 _2ddc
_cLI
_h980
_iC67
999 _c29354
_d29354